LEADER 01669nam 2200385Ia 450 001 996394208303316 005 20221108040520.0 035 $a(CKB)4940000000114851 035 $a(EEBO)2240946571 035 $a(UnM)9928834000971 035 $a(UnM)99896500 035 $a(EXLCZ)994940000000114851 100 $a19930712d1641 uy | 101 0 $aeng 135 $aurbn||||a|bb| 200 12$aA sermon preached before the Honourable House of Commons$b[electronic resource] $enow assembled in Parliament, at their publike fast, November 17. 1640. Upon 2 Chron. 15. 2. The Lord is with you, while yee bee with him: and if yee seeke him, he will be found of you: but if yee forsake him, he will forsake you. By Stephen Marshall, Batchelour in Divinity, minister of Finchingfield in Essex. Published by order of the said House 210 $aLondon $cprinted by I. Okes, for Samuel Man, dwelling in St. Pauls Church-yard, at the signe of the Swan$d1641 215 $a[6], 49, [1] p 300 $aRunning title reads: A sermon preached at a fast before the Commons house of Parliament. 300 $aReproduction of original in the Folger Shakespeare Library. 330 $aeebo-0055 606 $aSermons, English$y17th century 606 $aFast-day sermons$y17th century 615 0$aSermons, English 615 0$aFast-day sermons 700 $aMarshall$b Stephen$f1594?-1655.$01001459 801 0$bCu-RivES 801 1$bCu-RivES 801 2$bCStRLIN 801 2$bCu-RivES 801 2$bWaOLN 906 $aBOOK 912 $a996394208303316 996 $aA sermon preached before the Honourable House of Commons$92338137 997 $aUNISA LEADER 01435nam a22003374i 4500 001 991001834709707536 008 121005s2008 riu b 000 0 eng d 020 $a9780821847015 035 $ab14078259-39ule_inst 040 $aDip.to Matematica e Fisica$beng 082 00$a530.124$222 084 $aAMS 35Q40 084 $aAMS 35Q55 084 $aLC QC174.26.W28Z43 100 1 $aZhang, Ping$0477502 245 10$aWigner measure and semiclassical limits of nonlinear Schrodinger equations /$cPing Zhang 260 $aProvidence, R. I. :$bAmerican Mathematical Society ;$aNew York, N.Y. :$bCourant Institute of Mathematical Sciences,$cc2008 300 $aviii, 197 p. ;$c26 cm 440 0$aCourant lecture notes in mathematics,$x1529-9031 ;$v17 504 $aIncludes bibliographical references (p. 193-197) 650 0$aSchrodinger equation 650 0$aWKB approximation 650 0$aDifferential equations, Nonlinear 650 0$aNonlinear theories 856 41$zTable of contents only$uhttp://www.loc.gov/catdir/toc/ecip0822/2008028025.html 907 $a.b14078259$b13-11-12$c05-10-12 912 $a991001834709707536 945 $aLE013 35Q ZHA11 (2008)$g1$i2013000217383$lle013$op$pE31.00$q-$rl$s- $t0$u0$v0$w0$x0$y.i15456067$z12-11-12 996 $aWigner measure and semiclassical limits of nonlinear Schrodinger equations$9240751 997 $aUNISALENTO 998 $ale013$b05-10-12$cm$da $e-$feng$griu$h0$i0 LEADER 03181oam 2200601K 450 001 9910789032503321 005 20190503073418.0 010 $a0-262-32009-6 010 $a0-262-32008-8 035 $a(CKB)3710000000087804 035 $a(EBL)3339741 035 $a(SSID)ssj0001108332 035 $a(PQKBManifestationID)12470210 035 $a(PQKBTitleCode)TC0001108332 035 $a(PQKBWorkID)11087094 035 $a(PQKB)10000893 035 $a(MiAaPQ)EBC3339741 035 $a(OCoLC)870646856$z(OCoLC)871068616$z(OCoLC)961621082$z(OCoLC)962567560$z(OCoLC)970384082$z(OCoLC)970609654$z(OCoLC)1040683110$z(OCoLC)1055377624$z(OCoLC)1066668657$z(OCoLC)1081220317$z(OCoLC)1091697921 035 $a(OCoLC-P)870646856 035 $a(MaCbMITP)9404 035 $a(Au-PeEL)EBL3339741 035 $a(CaPaEBR)ebr10836474 035 $a(OCoLC)870646856 035 $a(EXLCZ)993710000000087804 100 $a20140217h20132013 uy 0 101 0 $aeng 135 $aur|n|---||||| 181 $ctxt 182 $cc 183 $acr 200 00$aIn 100 years $eleading economists predict the future /$fedited by Ignacio Palacios-Huerta 210 1$aCambridge, Massachusetts :$cThe MIT Press,$d[2013] 210 4$dİ2013 215 $a1 online resource (216 p.) 300 $aDescription based upon print version of record. 311 $a0-262-52834-7 311 $a0-262-02691-0 320 $aIncludes bibliographical references and index. 327 $aAcknowledgments -- The world our grandchildren will inherit / Daron Acemoglu -- Through the darkness to a brighter future / Angus Deaton -- The cone of uncertainty of the 21st century's economic hurricane / Avinash K. Dixit -- Wealth and the self-protection society / Edward L. Glaeser -- Keynes, his grandchildren and ours / Andreu Mas-Colell -- American politics and global progress in the 21st century / John E. Roemer -- In 100 years / Alvin E. Roth -- The risks of the next century and their management / Robert J. Shiller -- Stray thoughts on how it might go / Robert M. Solow -- The geoengineered planet / Martin L. Weitzman -- Notes -- Contributors -- Index. 330 $aIn this book, ten prominent economists--including Nobel laureates and several likely laureates--offer their ideas about the world of the twenty-second century. In scenarios that range from the optimistic to the guardedly gloomy, these thinkers consider such topics as the transformation of work and wages, the continuing increase in inequality, the economic rise of China and India, the endlessly repeating cycle of crisis and (projected) recovery, the benefits of technology, the economic consequences of political extremism, and the long-range effects of climate change. 517 3 $aIn one hundred years 606 $aEconomic development$xForecasting 610 $aECONOMICS/General 610 $aECONOMICS/Trade & Development 615 0$aEconomic development$xForecasting. 676 $a330.9001/12 702 $aPalacios-Huerta$b Ignacio 801 0$bOCoLC-P 801 1$bOCoLC-P 906 $aBOOK 912 $a9910789032503321 996 $aIn 100 years$93771532 997 $aUNINA